[Event "Wch U18 rapid"]
[Site "Batumi"]
[Date "2023.06.06"]
[Round "1"]
[White "Karibaev, Dimash"]
[Black "Prisacaru, Stefan Emilian"]
[Result "1-0"]
[WhiteElo "1876"]
[BlackElo "2217"]
[PlyCount "84"]
[EventDate "2023.06.06"]
[EventType "swiss (rapid)"]
[EventRounds "11"]
[EventCountry "GEO"]
[SourceTitle "CBM 214 Extra"]
[Source "ChessBase"]
[SourceDate "2023.07.31"]
[SourceVersion "1"]
[SourceVersionDate "2023.07.31"]
[SourceQuality "1"]

1. e4 c6 2. d4 d5 3. f3 e6 4. c3 dxe4 5. Be3 exf3 6. Nxf3 Nf6 7. Nbd2 Nbd7 8. Bd3 Bd6 9. 0-0 Qc7 10. Nc4 Be7 11. Nfe5 Nxe5 12. Nxe5 Bd6 13. Bf4 b6 14. Qf3 Bb7 15. Rae1 0-0-0 16. Bc4 Kb8 17. Qh3 c5 18. b4 cxd4 19. cxd4 Ka8 20. Rc1 Qe7 21. Bb5 Rc8 22. Nc6 Bxc6 23. Bxc6+ Kb8 24. Qg3 Bxf4 25. Qxf4+ Qc7 26. Qe5 Ng4 27. Qxc7+ Rxc7 28. Rf4 Nf6 29. b5 Rd8 30. Rcf1 Rf8 31. R4f3 Kc8 32. Rg3 Nh5 33. Rh3 Nf6 34. Rg3 Kd8 35. Rxg7 Ke7 36. Rg3 Ne8 37. Rh3 Rh8 38. d5 e5 39. Rh6 Rc8 40. Rf5 f6 41. Rfh5 Ng7 42. Rxh7 Rxh7 1-0